Social impact assessment : an introduction
Đã lưu trong:
| 主要作者: | |
|---|---|
| 格式: | 圖書 |
| 語言: | Undetermined |
| 出版: |
London
Arnold
2000
|
| 主題: | |
| 標簽: |
添加標簽
沒有標簽, 成為第一個標記此記錄!
|
| Thư viện lưu trữ: | Trung tâm Học liệu Trường Đại học Cần Thơ |
|---|
| LEADER | 00550nam a2200217Ia 4500 | ||
|---|---|---|---|
| 001 | CTU_69225 | ||
| 008 | 210402s9999 xx 000 0 und d | ||
| 020 | |b 28 | ||
| 082 | |a 361.9 | ||
| 082 | |b B278 | ||
| 100 | |a Barrow, C. J. | ||
| 245 | 0 | |a Social impact assessment : | |
| 245 | 3 | |b an introduction | |
| 245 | 0 | |c C. J. Barrow | |
| 260 | |a London | ||
| 260 | |b Arnold | ||
| 260 | |c 2000 | ||
| 650 | |a Community development | ||
| 650 | |x Social aspects | ||
| 904 | |i Trúc Phương | ||
| 980 | |a Trung tâm Học liệu Trường Đại học Cần Thơ | ||